000 00617nam a22001937a 4500
999 _c194993
_d194993
005 20230207143905.0
010 _aENG-136141
020 _a9780198069827
_c575.00
035 _aEN-119673
037 _bDBAD/PUB
082 _a341.48
100 _aGhai, Yash
245 _aThe Millennium Declaration Rights, and Constitutions/
_cby Yash Ghai and Jill Cottrell
260 _aNew Delhi
_bOxford University Press
_c2011
270 _aYMCA Library Building, Jai Singh Road
_bNew Delhi
_e110001
300 _axv, 204p.
_bIndex
_c23cm(hbk)
700 _aCottrell, Jill
942 _2ddc
_cEN
_h341.48
_mGHA